La cucarachita mandinga

Gespeichert in:
Bibliographische Detailangaben
1. Verfasser: Lyra, Carmen
Format: Buch
Sprache:Undetermined
Veröffentlicht: San José, Costa Rica EDUCA 1998
Schlagworte:
Tags: Tag hinzufügen
Keine Tags, Fügen Sie den ersten Tag hinzu!

MARC

LEADER 00000nam a2200000Ia 4500
008 170316s9999 xx 000 0 und d
090 |a 809 L-1c 
100 |a Lyra, Carmen 
245 |a La cucarachita mandinga 
260 |a San José, Costa Rica 
260 |b EDUCA 
260 |c 1998 
300 |a 16 páginas 
650 |a LITERATURA INFANTIL Y JUVENIL 
650 |a CUENTO INFANTIL COSTARRICENSE 
040 |a cru BVZT 
942 0 0 |0 1 
999 |c 20795  |d 20795